000 00450nam a2200181Ia 4500
001 1621
005 20260306143741.0
008 260306t2006||||xx |||||||||||||| ||spa||
041 _aESP
082 _a153.8
_bP48
100 _aPetri, Herbert L.
_eAUT
245 0 _aMotivación:
_bTeoría, investigación y aplicaciones
260 _c2006
300 _axxii, 481 páginas :
_c25 cm.
650 _aGEN
654 _aCPS
942 _cLIB
_dJUS
_fJUS
_2ddc
_n
999 _c1621
_d1621